Missing Word: Van Halen Quiz Stats

 Plays Quiz Updated May 14, 2019

Score 0/20 Timer 02:00
1 Play Today
Song Missing Word % Correct
Dance the ______ AwayNight
93.9%
Why Can't This Be ______Love
92.9%
______ of Both WorldsBest
84.8%
Hot for ______Teacher
83.7%
You ______ Got MeReally
79.3%
Runnin' with the ______Devil
76.5%
(Oh) ______ WomanPretty
76.3%
______ in the StreetDancing
74.9%
Everybody ______ Some!!Wants
73.2%
______ What Ya StartedFinish
71.7%
Song Missing Word % Correct
And the ______ Will Rock...Cradle
58.3%
Ain't ______ 'Bout LoveTalkin'
57.5%
Beautiful ______Girls
53.8%
______ Cryin'Jamie's
42.3%
Mean ______Street
39.5%
Drop Dead ______Legs
21.2%
______ PunkAtomic
19.7%
______ GuitarsLittle
17.5%
Could This Be ______?Magic
13.8%
______ DelightRomeo
10.1%

Today's Daily Dose

You're not logged in!

Compare scores with friends on all Sporcle quizzes.
OR
Log In

Show Comments

Extras

Top Quizzes Today


Score Distribution

Your Account Isn't Verified!

In order to create a playlist on Sporcle, you need to verify the email address you used during registration. Go to your Sporcle Settings to finish the process.

Report this User

Report this user for behavior that violates our Community Guidelines.

Details: